A view of society and manners in France, Switzerland, and Germany : with anecdotes relating to some eminent characters. By John Moore, M.D.

Bibliographic Details
Main Author: Moore, John, 1729-1802
Format: eBook
Language:English
Edition:The sixth edition, corrected.
Series:Eighteenth century collections online.
Online Access:Full text online

MARC

Tag First Indicator Second Indicator Subfields
LEADER 00000cam a2200000 4500
001 in00001858021
006 m | d |
007 cr |n||||||||n
008 791208s1786 enk|||| s 00||||eng d
005 20260403174328.0
035 |a (CStRLIN)ESTCT89490 
040 |a Uk-ES  |c Uk-ES  |d Cu-RivES  |d CStRLIN  |d Thomson Gale  |d UtOrBLW 
100 1 |a Moore, John,  |d 1729-1802. 
245 1 2 |a A view of society and manners in France, Switzerland, and Germany :  |b with anecdotes relating to some eminent characters. By John Moore, M.D. 
250 |a The sixth edition, corrected. 
264 3 |a London :  |b printed for A. Strahan; and T. Cadell,  |c 1786. 
300 |a 2 volumes ;  |c 8⁰. 
336 |a text  |b txt  |2 rdacontent 
337 |a computer  |b c  |2 rdamedia 
338 |a online resource  |b cr  |2 rdacarrier 
500 |a Reproduction of original from the British Library. 
510 4 |a English Short Title Catalog,  |c ESTCT89490. 
533 |a Electronic reproduction.  |b Farmington Hills, Mich. :  |c Thomson Gale,  |d 2003.  |n Available via the World Wide Web.  |n Access limited by licensing agreements  |7 s2003 miunns 
500 |a Electronic resource. 
830 0 |a Eighteenth century collections online. 
856 4 0 |u http://proxy.library.tamu.edu/login?url=https://galenet.galegroup.com/servlet/ECCO?c=1&stp=Author&ste=11&af=BN&ae=T089490&tiPG=1&dd=0&dc=flc&docNum=CW102545806&vrsn=1.0&srchtp=a&d4=0.33&n=10&SU=0LRH&locID=txshracd2898  |z Full text online  |t 0 
999 |a MARS 
999 f f |s dcc1326f-5936-362a-8be2-d62c36e15acd  |i c0e276ba-080c-3747-839a-385f8666fb19  |t 0 
952 f f |a Texas A&M University  |b College Station  |c Electronic Resources  |s www_evans  |d Available Online  |t 0  |h No information provided 
998 f f |t 0  |l Available Online